[Event "21st Czech Rapid Open"]
[Site "Pardubice CZE"]
[Date "2010.07.21"]
[Round "3"]
[White "Ghaem Maghami,E"]
[Black "Klenburg,M"]
[Result "1/2-1/2"]
[WhiteElo "2585"]
[BlackElo "2437"]
[EventDate "2010.07.21"]

1. c4 e5 2. Nc3 d6 3. Nf3 f5 4. d3 Nf6 5. g3 Be7 6. Bg2 O-O 7. O-O Nc6 8.
Rb1 a5 9. a3 Kh8 10. b4 axb4 11. axb4 Bd7 12. b5 Nd4 13. Nxd4 exd4 14. Nd5
Nxd5 15. Bxd5 c6 16. Bf3 Bf6 17. Bf4 Be5 18. Qd2 Qc7 19. Rfc1 c5 20. b6 Qc8
21. Bxe5 dxe5 22. Qg5 Rf6 1/2-1/2

[Event "21st Czech Rapid Open"]
[Site "Pardubice CZE"]
[Date "2010.07.21"]
[Round "3"]
[White "Iskusnyh,S"]
[Black "Chernyshov,K"]
[Result "1-0"]
[WhiteElo "2480"]
[BlackElo "2578"]
[EventDate "2010.07.21"]

1. d4 e6 2. c4 b6 3. Nf3 Bb7 4. g3 Nf6 5. Bg2 Be7 6. Nc3 O-O 7. Qc2 d5 8.
cxd5 exd5 9. O-O Na6 10. Rd1 c5 11. Bg5 Nc7 12. dxc5 bxc5 13. Bxf6 Bxf6 14.
Ne4 dxe4 15. Rxd8 Raxd8 16. Nd2 e3 17. fxe3 Nd5 18. Nc4 Ba6 19. Bxd5 Rxd5
20. Rf1 Bg5 21. Rf5 Bxc4 22. Rxd5 Bxe3+ 23. Kf1 Bxd5 24. Qd3 Bd4 25. e3 Rd8
26. exd4 cxd4 27. Ke1 Bxa2 28. Qa6 Be6 29. Qxa7 g6 30. Qb6 Rd5 31. b4 Kg7
32. Kd2 d3 33. Qc6 Rd8 34. b5 Rc8 35. Qd6 Bf5 36. Qd4+ Kh6 37. g4 Rc2+ 38.
Kd1 Be6 39. Qxd3 Rb2 40. Qh3+ Kg5 41. Qe3+ 1-0

[Event "21st Czech Rapid Open"]
[Site "Pardubice CZE"]
[Date "2010.07.21"]
[Round "3"]
[White "Pileckis,E"]
[Black "Schlosser,P"]
[Result "0-1"]
[WhiteElo "2438"]
[BlackElo "2575"]
[EventDate "2010.07.21"]

1. Nf3 c5 2. c4 Nf6 3. d4 cxd4 4. Nxd4 e6 5. Nc3 a6 6. g3 Qc7 7. e3 Be7 8.
Qe2 Nc6 9. Bg2 Na5 10. b3 d5 11. Rb1 O-O 12. O-O e5 13. Nc2 dxc4 14. bxc4
Nxc4 15. Nb4 Nb6 16. Ncd5 Nbxd5 17. Nxd5 Nxd5 18. Bxd5 Rb8 19. Bb2 Bd6 20.
Rfd1 Qe7 21. Qd3 Bg4 22. f3 Bh5 23. g4 Bg6 24. e4 h5 25. Kh1 hxg4 26. fxg4
Rbd8 27. Bc3 b5 28. Rb2 Bc5 29. Rg2 Bd4 30. Rb1 Rxd5 31. Bb4 Rd6 32. Bxd6
Qxd6 33. h4 Rc8 34. Rd1 Qc6 35. Re2 f6 36. h5 Bf7 37. Qg3 Qc3 38. Rd3 Qa1+
39. Re1 Rc1 40. Rxc1 Qxc1+ 41. Kh2 Qc2+ 42. Kh3 Bc4 43. Rf3 Qxe4 44. h6 Bd5
45. Rf1 Qg6 0-1

[Event "21st Czech Rapid Open"]
[Site "Pardubice CZE"]
[Date "2010.07.21"]
[Round "3"]
[White "Haimovich,T"]
[Black "Grigoriants,S RUS"]
[Result "1-0"]
[WhiteElo "2427"]
[BlackElo "2566"]
[EventDate "2010.07.21"]

1. e4 c6 2. d4 d5 3. Nd2 dxe4 4. Nxe4 Bf5 5. Ng3 Bg6 6. N1e2 e6 7. h4 h6 8.
Nf4 Bh7 9. Bc4 Nf6 10. Qe2 Bd6 11. Be3 O-O 12. O-O-O Nbd7 13. Ngh5 Nxh5 14.
Nxh5 Nf6 15. Nxf6+ Qxf6 16. g4 Be4 17. g5 Qf5 18. gxh6 Bxh1 19. Rxh1 g6 20.
Rg1 Bf4 21. Bd3 Qf6 22. Qg4 Bxe3+ 23. fxe3 Kh8 24. h5 g5 25. h7 1-0

[Event "21st Czech Rapid Open"]
[Site "Pardubice CZE"]
[Date "2010.07.21"]
[Round "3"]
[White "Shomoev,A"]
[Black "Pozin,S"]
[Result "1-0"]
[WhiteElo "2561"]
[BlackElo "2414"]
[EventDate "2010.07.21"]

1. e4 c5 2. Nf3 e6 3. d4 cxd4 4. Nxd4 Nf6 5. Nc3 Bb4 6. e5 Nd5 7. Bd2 Bxc3
8. bxc3 Nc6 9. Nxc6 dxc6 10. Qg4 g6 11. Bd3 Qc7 12. Qg3 c5 13. O-O Bd7 14.
c4 Ne7 15. Bg5 Bc6 16. Bf6 Rg8 17. Qh4 O-O-O 18. Bxe7 g5 19. Bxg5 Qxe5 20.
f4 Qd4+ 21. Qf2 h6 22. Qxd4 Rxd4 23. g3 hxg5 24. fxg5 Rxg5 25. Rxf7 e5 26.
Re1 e4 27. Bf1 Rd2 28. Rf2 Rxf2 29. Kxf2 Rf5+ 30. Kg1 Kd8 31. Bg2 Ke7 32.
Re2 a5 33. Bxe4 Bxe4 34. Rxe4+ Kd6 35. Kg2 a4 36. h4 Rf8 37. h5 1-0

[Event "21st Czech Rapid Open"]
[Site "Pardubice CZE"]
[Date "2010.07.21"]
[Round "3"]
[White "Gabrielian,A"]
[Black "Zaslavsky,M"]
[Result "1-0"]
[WhiteElo "2559"]
[BlackElo "2413"]
[EventDate "2010.07.21"]

1. e4 c5 2. Nf3 Nc6 3. d4 cxd4 4. Nxd4 Nf6 5. Nc3 e5 6. Ndb5 d6 7. Bg5 a6
8. Na3 b5 9. Nd5 Be7 10. Bxf6 Bxf6 11. c4 b4 12. Nc2 a5 13. g3 O-O 14. Bg2
Bg5 15. O-O Ne7 16. h4 Nxd5 17. hxg5 Nb6 18. b3 Qc7 19. Ne3 Be6 20. Qd2 Qc5
21. Rad1 Rad8 22. Nf5 Rd7 23. Qe2 Re8 24. Ne3 a4 25. Rd3 axb3 26. axb3 Nc8
27. Kh2 Ne7 28. f4 exf4 29. gxf4 f6 30. gxf6 gxf6 31. f5 Bf7 32. Ng4 Kh8
33. Qb2 Rg8 34. Nxf6 1-0

[Event "21st Czech Rapid Open"]
[Site "Pardubice CZE"]
[Date "2010.07.21"]
[Round "3"]
[White "Molnar,P SVK"]
[Black "Pridorozhni,A"]
[Result "1/2-1/2"]
[WhiteElo "2297"]
[BlackElo "2553"]
[EventDate "2010.07.21"]

1. Nf3 d6 2. d4 Bg4 3. e4 Nd7 4. Be2 c6 5. Nc3 Ngf6 6. d5 g6 7. Nd4 Bxe2 8.
Qxe2 c5 9. Nf3 Bg7 10. O-O O-O 11. h3 Nh5 12. Re1 a6 13. a4 Qc7 14. g4 Nhf6
15. Bf4 Rfe8 16. e5 dxe5 17. Nxe5 Nxe5 18. Bxe5 Qd7 19. Qc4 Rac8 20. Rad1
Qd8 21. Qf4 c4 22. Re3 b5 23. axb5 axb5 24. Rf3 Rf8 25. d6 b4 26. Bxf6 exf6
27. Nd5 Kh8 28. Nxf6 Bxf6 29. Qxf6+ Qxf6 30. Rxf6 Kg7 31. Rf4 Rfd8 32. d7
Rc7 33. Rfd4 Kf6 34. Kg2 Ke5 35. Kf3 h6 36. Re4+ Kf6 37. Red4 Ke7 38. Ke4
Ke6 39. Rd6+ Ke7 40. f4 Ra7 41. R6d5 Ra2 42. Re5+ Kf8 43. Rc5 Rxb2 44. Rxc4
Ke7 45. Rc7 b3 46. cxb3 Rxb3 47. h4 Rh3 48. h5 gxh5 49. gxh5 Rxh5 50. Ra7
Rb5 51. Kf3 Rb6 52. Kg4 Rg6+ 53. Kf5 Rf6+ 54. Kg4 h5+ 55. Kf3 h4 56. Rh1
Rh6 57. Re1+ Kf8 58. Rh1 1/2-1/2

[Event "21st Czech Rapid Open"]
[Site "Pardubice CZE"]
[Date "2010.07.21"]
[Round "4"]
[White "Schlosser,P"]
[Black "Navara,D"]
[Result "0-1"]
[WhiteElo "2575"]
[BlackElo "2731"]
[EventDate "2010.07.21"]

1. c4 e5 2. g3 Nf6 3. Bg2 d5 4. cxd5 Nxd5 5. Nf3 Nc6 6. O-O Nb6 7. d3 Be7
8. Nbd2 O-O 9. a3 a5 10. b3 Be6 11. Bb2 f6 12. Qc2 Rf7 13. Rfd1 Bf8 14. Nc4
a4 15. b4 Rd7 16. Nfd2 Nd5 17. Nf3 Kh8 18. b5 Na5 19. Qxa4 Nxc4 20. Qxc4
Nf4 21. Qc2 Nxg2 22. Kxg2 Qe8 23. a4 Qf7 24. Nd2 Qh5 25. f3 Qh6 26. Nc4
Qh3+ 27. Kh1 h5 28. a5 Rd5 29. b6 cxb6 30. Nxb6 Rc5 31. Qd2 Ra6 32. d4 exd4
33. Bxd4 Rg5 34. Bf2 h4 35. g4 Bxg4 36. fxg4 Qxg4 0-1

[Event "21st Czech Rapid Open"]
[Site "Pardubice CZE"]
[Date "2010.07.21"]
[Round "4"]
[White "Korobov,A"]
[Black "Gabrielian,A"]
[Result "1-0"]
[WhiteElo "2657"]
[BlackElo "2559"]
[EventDate "2010.07.21"]

1. d4 Nf6 2. c4 c5 3. d5 e6 4. Nc3 exd5 5. cxd5 d6 6. Nf3 g6 7. Nd2 Nbd7 8.
e4 Bg7 9. Be2 O-O 10. O-O Re8 11. a4 Ne5 12. Ra3 g5 13. Re1 h6 14. Qc2 a6
15. Nf1 Bd7 16. Ng3 Qc7 17. a5 b5 18. axb6 Qxb6 19. Nd1 Ng6 20. Ne3 Nf4 21.
Bf1 Ng4 22. Nc4 Qc7 23. Bxf4 gxf4 24. Nh5 Bd4 25. Rf3 Qd8 26. Nxf4 Qh4 27.
Nh3 Ne5 28. Rg3+ Kh7 29. Nxd6 Rg8 30. Kh1 Bxh3 31. Rxh3 Qxf2 32. Qxf2 Bxf2
33. Nf5 Rg6 34. Rd1 Rb8 35. d6 Bd4 36. b3 Ng4 37. Rf3 Ne5 38. Bc4 Nxf3 39.
gxf3 Rbg8 40. h4 Rg1+ 41. Rxg1 Rxg1+ 42. Kh2 Rd1 43. f4 Bc3 44. Kg3 f6 45.
Bxa6 Kg6 46. Bc4 h5 47. Kf3 Ba5 48. Ne7+ Kg7 49. Nc6 Be1 50. Ke2 Rxd6 51.
Ne7 Rd7 52. Nf5+ Kg6 53. Kxe1 Ra7 54. Ke2 Ra2+ 55. Kf3 Rc2 56. Ne3 Rh2 57.
Kg3 Rb2 58. e5 fxe5 59. fxe5 Rd2 60. e6 Kf6 61. Kf3 Rd4 62. Ng2 Rg4 63. Nf4
Ke7 64. Nd5+ 1-0

[Event "21st Czech Rapid Open"]
[Site "Pardubice CZE"]
[Date "2010.07.21"]
[Round "4"]
[White "Stocek,J"]
[Black "Iskusnyh,S"]
[Result "1/2-1/2"]
[WhiteElo "2587"]
[BlackElo "2480"]
[EventDate "2010.07.21"]

1. d4 d5 2. Nf3 Nf6 3. c4 c6 4. Nc3 a6 5. a4 e6 6. Bf4 c5 7. cxd5 Nxd5 8.
Nxd5 exd5 9. g3 Nc6 10. Bg2 cxd4 11. O-O Bc5 12. Rc1 Bb6 13. Ne5 Nxe5 14.
Bxe5 O-O 15. Bxd4 Be6 16. Qd2 Bxd4 17. Qxd4 Qa5 18. Rc5 Qb6 19. a5 Qb3 20.
f4 g6 21. f5 gxf5 22. Bh3 Rac8 23. Rxc8 Rxc8 24. Bxf5 Qc4 25. Qe5 Qc7 26.
Qf6 Qc5+ 27. Rf2 Qe3 28. Bxe6 fxe6 29. Kg2 Qe4+ 30. Kh3 Qg6 31. Qxg6+ hxg6
32. Rf6 Rc2 33. Rxe6 Rxb2 34. Rxg6+ Kf7 35. Rd6 Rb5 36. Kg4 Rxa5 37. Rd7+
Ke6 38. Rxb7 Ra2 39. Kf3 a5 40. h4 Ra1 41. Ra7 a4 42. h5 a3 43. h6 Kf5 44.
h7 Rh1 45. Rxa3 Rxh7 46. Ra5 Ke6 47. g4 Rf7+ 48. Kg3 Ke5 49. Ra3 Rg7 50.
Re3+ Kf6 51. Kf4 Ra7 52. g5+ Kg6 53. Re6+ Kf7 54. Kf5 d4 55. Re4 Ra5+ 56.
Re5 Ra7 57. Rd5 Re7 58. Re5 Ra7 59. Kg4 Kg6 60. Re6+ Kg7 61. Kh5 Rd7 62.
Re4 d3 63. exd3 Rxd3 64. Re7+ Kg8 65. Kh6 Rd8 66. g6 1/2-1/2

[Event "21st Czech Rapid Open"]
[Site "Pardubice CZE"]
[Date "2010.07.21"]
[Round "4"]
[White "Vidit,S"]
[Black "Mamedov,Rau"]
[Result "1/2-1/2"]
[WhiteElo "2492"]
[BlackElo "2660"]
[EventDate "2010.07.21"]

1. d4 d6 2. Nf3 Nf6 3. g3 g6 4. Bg2 Bg7 5. O-O O-O 6. a4 Nbd7 7. a5 a6 8.
c4 e5 9. Nc3 exd4 10. Nxd4 Ne5 11. b3 c5 12. Nc2 Nc6 13. Ra4 Nxa5 14. b4
cxb4 15. Rxb4 Be6 16. Na4 Nxc4 17. Bxb7 Rb8 18. Bg2 Qc7 19. Rxb8 Rxb8 20.
Nd4 Bd7 21. Qc2 Rc8 22. Nc3 Ne5 23. Bb2 Qb6 24. e3 Nc4 25. Ba1 Ne5 26. Qa2
a5 27. Rb1 Qc5 28. Nb3 Qc4 29. Nxa5 Qd3 30. Qb3 Bg4 31. Nd5 Nxd5 32. Bxd5
Qxb3 33. Nxb3 Bf5 34. Rc1 Rxc1+ 35. Nxc1 Nf3+ 36. Bxf3 Bxa1 37. Kg2 Be5 38.
Bd5 Kf8 39. Ne2 Ke7 40. h4 h5 41. Nd4 Bxd4 42. exd4 Be6 43. Bc6 Bg4 44. f3
Bf5 45. Kf2 Be6 46. Ke3 Kf6 47. Kf4 Bc4 48. Be4 Be6 49. g4 hxg4 50. fxg4
Bd7 51. Bd3 Be6 52. Bf1 1/2-1/2

[Event "21st Czech Rapid Open"]
[Site "Pardubice CZE"]
[Date "2010.07.21"]
[Round "4"]
[White "Klenburg,M"]
[Black "Zakhartsov,Vi"]
[Result "1/2-1/2"]
[WhiteElo "2437"]
[BlackElo "2608"]
[EventDate "2010.07.21"]

1. Nf3 c5 2. g3 Nc6 3. Bg2 e5 4. d3 g6 5. O-O Bg7 6. c4 Nge7 7. Nc3 d6 8.
Ne1 O-O 9. Nc2 Rb8 10. Ne3 a6 11. a4 Nb4 12. Bd2 b6 13. Ncd5 Nbxd5 14. cxd5
a5 15. Nc4 f5 16. f4 Ba6 17. Qc2 Kh8 18. Rae1 Bxc4 19. Qxc4 exf4 20. gxf4
Bxb2 21. e4 Bd4+ 22. Kh1 fxe4 23. dxe4 Qd7 24. Bc3 Kg8 25. Bxd4 cxd4 26.
Qxd4 Qg4 27. Qe3 Qh4 28. Rc1 b5 29. axb5 Rxb5 30. Rc7 Rfb8 31. Qa7 Kf8 32.
f5 gxf5 33. e5 Rb1 34. Rcc1 R1b7 35. Qxa5 Rb6 36. Qc3 dxe5 37. Qxe5 Qf6 38.
Qf4 Rd8 39. Rce1 Rbd6 40. Re5 Kg7 41. Qg3+ Kh8 42. Rfe1 Ng6 43. Re6 Rxe6
44. dxe6 Re8 45. Bd5 Qd4 46. Bg2 Re7 47. Qg5 Rg7 48. Qxf5 Qd6 49. Qf6 Kg8
50. Rc1 Nf8 51. Re1 Qe7 52. Qf5 Rg6 53. Bd5 Kg7 54. Qe5+ Rf6 55. Rf1 Ng6
56. Qxf6+ Qxf6 57. Rxf6 Kxf6 58. Be4 Kxe6 1/2-1/2

[Event "21st Czech Rapid Open"]
[Site "Pardubice CZE"]
[Date "2010.07.21"]
[Round "4"]
[White "Kononenko,Dmitry1"]
[Black "Haimovich,T"]
[Result "1/2-1/2"]
[WhiteElo "2590"]
[BlackElo "2427"]
[EventDate "2010.07.21"]

1. e4 e6 2. d3 d5 3. Nd2 Nf6 4. Ngf3 b6 5. g3 dxe4 6. dxe4 Bc5 7. Bb5+ c6
8. Bd3 e5 9. Nc4 Nbd7 10. O-O Qe7 11. c3 a5 12. Qe2 O-O 13. Be3 Bxe3 14.
Qxe3 Ba6 15. Rfd1 Nc5 16. Nfxe5 Nxd3 17. Rxd3 Qe6 18. Rd6 Qh3 19. Nxb6 Rad8
20. Rd4 Rfe8 21. f3 Rb8 22. Nbc4 c5 23. Rd6 Bxc4 24. Nxc4 h5 25. e5 h4 26.
Qg5 Nh7 27. Qxh4 Qc8 28. Rad1 a4 29. R6d5 Qf5 30. Qf4 Qg6 31. h4 a3 32. b3
Qc2 33. Qd2 Qf5 34. Kg2 Re6 35. Nd6 Qh5 36. Qf4 Qg6 37. Qf5 Qxf5 38. Nxf5
c4 39. b4 Nf8 40. f4 f6 41. Ne3 fxe5 42. Rxe5 Rc6 43. Rd4 Rbc8 44. Ree4 Nh7
45. Rxc4 Rxc4 46. Rxc4 Re8 47. Kf3 Nf6 48. Rd4 Rb8 49. Nd5 Nxd5 50. Rxd5
Rc8 51. Rc5 Rd8 52. Ke2 1/2-1/2

[Event "21st Czech Rapid Open"]
[Site "Pardubice CZE"]
[Date "2010.07.21"]
[Round "4"]
[White "Akesson,R"]
[Black "Ghaem Maghami,E"]
[Result "1/2-1/2"]
[WhiteElo "2470"]
[BlackElo "2585"]
[EventDate "2010.07.21"]

1. d4 Nf6 2. c4 e6 3. Nc3 Bb4 4. Qc2 d5 5. cxd5 exd5 6. Bg5 h6 7. Bxf6 Qxf6
8. a3 Bxc3+ 9. Qxc3 O-O 10. e3 c6 11. Ne2 Re8 12. Ng3 Nd7 13. Bd3 Qg5 14.
O-O Nf6 15. Rfe1 h5 16. Qc2 h4 17. Nf1 Bg4 18. Kh1 Re7 19. f3 Bh5 20. Qf2
Rae8 21. h3 Bg6 22. Bxg6 fxg6 23. Re2 Nh5 24. Rae1 Qf6 25. g4 hxg3 26. Nxg3
Qg5 27. Nxh5 Qxh5 28. Qg3 Rf7 29. Kg2 Rf5 30. h4 g5 31. Rh1 Ref8 32. hxg5
Qxf3+ 33. Qxf3 Rxf3 34. Rh4 R3f5 35. Rg4 Re8 36. Rf2 Rxf2+ 37. Kxf2 Kf7 38.
Kf3 Kg6 39. Rf4 Re7 40. Rf8 Kxg5 41. Ra8 Rf7+ 42. Kg3 a6 43. b4 Kf6 44. a4
Kf5 45. Re8 Kf6 46. Ra8 Ke6 47. b5 axb5 48. axb5 cxb5 49. Ra5 b6 50. Rxb5
Rb7 51. Kf4 Kd6 52. e4 dxe4 53. Kxe4 Kc6 54. Rg5 Rd7 55. Rg6+ Kb5 56. d5
1/2-1/2

[Event "21st Czech Rapid Open"]
[Site "Pardubice CZE"]
[Date "2010.07.21"]
[Round "4"]
[White "Grigoriants,S RUS"]
[Black "Maximov,D"]
[Result "1/2-1/2"]
[WhiteElo "2566"]
[BlackElo "2506"]
[EventDate "2010.07.21"]

1. e4 c5 2. Nf3 d6 3. d4 cxd4 4. Nxd4 Nf6 5. Nc3 Nc6 6. Bg5 e6 7. Qd2 a6 8.
O-O-O Bd7 9. f3 h6 10. Be3 Qc7 11. Kb1 Ne5 12. Bd3 b5 13. Rhe1 Be7 14. Qf2
b4 15. Nce2 d5 16. Ng3 h5 17. exd5 1/2-1/2

[Event "21st Czech Rapid Open"]
[Site "Pardubice CZE"]
[Date "2010.07.21"]
[Round "4"]
[White "Pridorozhni,A"]
[Black "Adamek,J"]
[Result "1-0"]
[WhiteElo "2553"]
[BlackElo "2244"]
[EventDate "2010.07.21"]

1. e4 e6 2. d4 d5 3. Nd2 c5 4. Ngf3 Nc6 5. exd5 exd5 6. Bb5 Bd6 7. O-O Nge7
8. dxc5 Bxc5 9. Nb3 Bd6 10. Bg5 O-O 11. c3 f6 12. Bh4 Be6 13. Bg3 Bxg3 14.
hxg3 Qb6 15. Be2 Rad8 16. Nfd4 Bf7 17. Re1 Ne5 18. a4 a5 19. Nb5 N7c6 20.
N3d4 Nxd4 21. Qxd4 Qxd4 22. Nxd4 Nc6 23. Rad1 Rfe8 24. Kf1 Nxd4 25. Rxd4
Re4 26. Red1 Rxd4 27. Rxd4 Kf8 28. Bf3 Ke7 29. Ke2 b6 30. Kd2 Rd6 31. Rg4
g5 32. Rd4 Be6 33. Bd1 Bd7 34. Bc2 h6 35. Bb3 Be6 36. Ke3 Rd8 37. Bc2 Rc8
38. Rd1 Kf7 39. Bd3 Bd7 40. Ra1 Be6 41. Kd4 Ke7 42. Rh1 Rh8 43. Be2 Kd6 44.
g4 Bd7 45. b3 Be6 46. g3 Bf7 47. f4 Be6 48. f5 Bf7 49. Bf3 Bg8 50. b4 axb4
51. cxb4 Bf7 52. Be2 Re8 53. Bd3 Rh8 54. a5 bxa5 55. bxa5 h5 56. gxh5 Rxh5
57. Rb1 1-0

[Event "21st Czech Rapid Open"]
[Site "Pardubice CZE"]
[Date "2010.07.21"]
[Round "4"]
[White "Panarin,M"]
[Black "Molnar,P SVK"]
[Result "1-0"]
[WhiteElo "2531"]
[BlackElo "2297"]
[EventDate "2010.07.21"]

1. e4 c6 2. d4 d5 3. exd5 cxd5 4. c4 Nf6 5. Nc3 e6 6. c5 b6 7. b4 Be7 8.
Qc2 O-O 9. Nf3 a5 10. Na4 bxc5 11. bxc5 Nc6 12. a3 Ba6 13. Bxa6 Rxa6 14.
O-O Ne4 15. Qd3 Ra7 16. Rb1 Qc7 17. g3 g5 18. Nc3 Nxc3 19. Qxc3 h6 20. h4
f6 21. Re1 Qd7 22. Qd3 Kg7 23. Kg2 Nd8 24. hxg5 hxg5 25. Rh1 Rh8 26. Rxh8
Kxh8 27. Qg6 1-0

[Event "21st Czech Rapid Open"]
[Site "Pardubice CZE"]
[Date "2010.07.21"]
[Round "4"]
[White "Shemeakin,A"]
[Black "Nabaty,T"]
[Result "0-1"]
[WhiteElo "2281"]
[BlackElo "2523"]
[EventDate "2010.07.21"]

1. d4 d5 2. c4 dxc4 3. Nf3 c5 4. e3 cxd4 5. Qxd4 Qxd4 6. Nxd4 Bd7 7. Bxc4
Nc6 8. Nxc6 Bxc6 9. O-O Nf6 10. Nc3 a6 11. b3 e6 12. Bb2 Bb4 13. a3 Bd6 14.
Ne2 b5 15. Bd3 Ke7 16. Rfc1 Bb7 17. Nd4 Rhc8 18. b4 Nd7 19. Nb3 Bd5 20. Na5
f5 21. f3 Ne5 22. Be2 g5 23. Kf2 h5 24. h3 h4 25. Bd4 Kd7 26. Ke1 Nc4 27.
Nxc4 bxc4 28. Bc3 Bc7 29. Bd1 Bb6 30. Ke2 Rg8 31. Ba4+ Kd6 32. Rd1 g4 33.
fxg4 fxg4 34. e4 gxh3 35. exd5 Rxg2+ 36. Ke1 h2 37. dxe6+ Kxe6 0-1

[Event "21st Czech Rapid Open"]
[Site "Pardubice CZE"]
[Date "2010.07.21"]
[Round "4"]
[White "Babula,V"]
[Black "Radovanovic,J"]
[Result "1-0"]
[WhiteElo "2533"]
[BlackElo "2329"]
[EventDate "2010.07.21"]

1. d4 d5 2. Nf3 Nf6 3. c4 e6 4. Nc3 Be7 5. Bg5 h6 6. Bh4 O-O 7. e3 b6 8.
Bd3 Bb7 9. O-O Nbd7 10. Qe2 Ne4 11. Bg3 c5 12. cxd5 exd5 13. Rad1 Qc8 14.
Rfe1 Ndf6 15. Be5 Qe6 16. h3 a6 17. dxc5 bxc5 18. Qc2 Ng5 19. Nxg5 Qxe5 20.
Nf3 Qh5 21. Ne2 Bd6 22. Nf4 Bxf4 23. exf4 Ne4 24. Ne5 Rac8 25. f3 Nf6 26.
Kh2 d4 27. Qf2 g5 28. Ng4 Kg7 29. Re5 Nd5 30. Be4 f6 31. Rxd5 Bxd5 32. Bxd5
gxf4 33. Bc4 Rce8 34. Qd2 Qg5 35. Nf2 Re3 36. Ne4 Qe5 37. Nf2 f5 38. Nd3
Qd6 39. b4 cxb4 40. Nxb4 Rd8 41. Nd5 d3 42. Qc3+ Kg6 43. Rxd3 Rc8 44. Nxe3
1-0

[Event "21st Czech Rapid Open"]
[Site "Pardubice CZE"]
[Date "2010.07.21"]
[Round "5"]
[White "Navara,D"]
[Black "Movsesian,S"]
[Result "1/2-1/2"]
[WhiteElo "2731"]
[BlackElo "2723"]
[EventDate "2010.07.21"]

1. c4 e5 2. Nc3 Nc6 3. g3 Bc5 4. Bg2 Nf6 5. Nf3 d6 6. d3 h6 7. a3 a6 8. b4
Ba7 9. Bb2 O-O 10. O-O Be6 11. Rc1 Qd7 12. e3 Ne7 13. Re1 Ng6 14. d4 Rad8
15. dxe5 dxe5 16. Qxd7 Nxd7 17. c5 c6 18. Red1 Nf6 19. e4 Bb8 20. Bf1 Bc7
21. Nd2 Rd7 22. Nc4 Rfd8 23. f3 Rxd1 24. Nxd1 Ne8 25. Nde3 f6 26. h4 h5 27.
Bc3 Nf8 28. Be2 Bf7 29. Rd1 Rxd1+ 30. Bxd1 Ne6 31. Kf2 g6 32. Bb3 Kf8 33.
Nb2 Ke7 34. Nd3 N8g7 35. Bc4 Be8 36. Nc2 Bd7 37. Bd2 Nd8 38. f4 Nf7 39. Ne3
Be6 40. Bc3 Bxc4 41. Nxc4 Ke6 42. Kf3 Ne8 43. Bb2 exf4 44. Nxf4+ Bxf4 45.
gxf4 f5 46. Na5 Nd8 47. Be5 fxe4+ 48. Kxe4 Nf6+ 49. Bxf6 Kxf6 50. a4 Ke6
51. Nc4 Nf7 52. Ne5 Nh6 53. Nxg6 Nf5 54. Nf8+ Kf6 55. Nh7+ Ke6 56. Ng5+ Kf6
57. Nf3 Ng3+ 58. Ke3 Kf5 59. Nd4+ Kg4 60. b5 axb5 61. axb5 cxb5 62. Nxb5
Nf1+ 63. Kd4 Kxf4 64. Nd6 Nd2 65. Nxb7 Nb3+ 66. Kd5 1/2-1/2

[Event "21st Czech Rapid Open"]
[Site "Pardubice CZE"]
[Date "2010.07.21"]
[Round "5"]
[White "Kononenko,Dmitry1"]
[Black "Korobov,A"]
[Result "1-0"]
[WhiteElo "2590"]
[BlackElo "2657"]
[EventDate "2010.07.21"]

1. d4 d5 2. c4 c6 3. Nc3 e5 4. dxe5 d4 5. Ne4 Qa5+ 6. Nd2 Nd7 7. Ngf3 Nxe5
8. Nxd4 Bg4 9. N4b3 Qb6 10. Qc2 Nf6 11. c5 Qb4 12. a3 Qa4 13. Qc3 Ned7 14.
f3 Be6 15. e4 b6 16. cxb6 axb6 17. Nd4 Bc5 18. Nxe6 fxe6 19. Qc4 Ke7 20.
Qxa4 Rxa4 21. Nb3 Bd6 22. Be3 b5 23. Nd4 Nb8 24. Rc1 b4 25. axb4 Rxb4 26.
Bc4 Rxb2 27. O-O g6 28. Nxe6 Nbd7 29. Nd4 Ne5 30. Rf2 Rxf2 31. Bxf2 Rb8 32.
f4 1-0

[Event "21st Czech Rapid Open"]
[Site "Pardubice CZE"]
[Date "2010.07.21"]
[Round "5"]
[White "Rakhmanov,Ale"]
[Black "Pridorozhni,A"]
[Result "1/2-1/2"]
[WhiteElo "2590"]
[BlackElo "2553"]
[EventDate "2010.07.21"]

1. d4 d6 2. Nf3 Bg4 3. h3 Bxf3 4. gxf3 d5 5. c4 c6 6. Qb3 Qd7 7. Bf4 Nf6 8.
e3 e6 9. Nc3 Be7 10. Rg1 g6 11. Be5 O-O 12. f4 Qc8 13. Rc1 Nbd7 14. Bd3
dxc4 15. Qxc4 Qd8 16. Bb1 Rc8 17. f5 exf5 18. Bxf5 b5 19. Qe2 Ra8 20. h4 b4
21. Ne4 Nxe4 22. Bxe4 Nxe5 23. dxe5 b3 24. axb3 Qa5+ 25. Kf1 Qxe5 26. Bxc6
Rac8 27. Rc4 Bxh4 28. Qf3 Qf6 29. Kg2 Qxf3+ 30. Kxf3 Bf6 31. Rb1 Kg7 32. b4
Bd8 33. b5 Bb6 34. Ke2 Rfd8 35. f4 Rd6 36. Kf3 Rcd8 37. Rbc1 Rd2 38. R1c2
Rxc2 39. Rxc2 Rd3 40. Rc3 Rd2 41. b4 Rb2 42. Rc4 Rb3 43. Re4 f5 44. Re7+
Kf6 45. Bd5 Kxe7 46. Bxb3 Kf6 47. e4 fxe4+ 48. Kxe4 Bc7 49. Bd5 Bd6 50. Bc6
Bxb4 51. Bd7 Ba5 52. Bc8 Bd8 53. Bd7 Ke7 54. Bc8 Kd6 55. Kf3 1/2-1/2

[Event "21st Czech Rapid Open"]
[Site "Pardubice CZE"]
[Date "2010.07.21"]
[Round "5"]
[White "Nabaty,T"]
[Black "Stocek,J"]
[Result "1/2-1/2"]
[WhiteElo "2523"]
[BlackElo "2587"]
[EventDate "2010.07.21"]

1. e4 c5 2. Nf3 d6 3. d4 cxd4 4. Nxd4 Nf6 5. Nc3 e6 6. f4 a6 7. Qf3 Nbd7 8.
g4 h6 9. Be3 e5 10. Nf5 g6 11. g5 hxg5 12. fxg5 gxf5 13. exf5 d5 14. gxf6
Nxf6 15. O-O-O d4 16. Bg5 Bh6 17. Bxh6 Rxh6 18. Qg3 Qe7 19. Re1 dxc3 20.
Rxe5 cxb2+ 21. Kb1 Be6 22. fxe6 fxe6 23. Bh3 Nd7 24. Re3 O-O-O 25. Rhe1 Nc5
26. Qf4 Rdh8 27. Bg4 Qc7 28. Qxc7+ Kxc7 29. h3 Rf6 30. Kxb2 Kd6 31. Rd1+
Ke7 32. Re5 Rc8 33. Rh5 b5 34. Re1 Rc6 35. Re3 Rf4 36. Rh7+ Kd6 37. Bf3 Rc8
38. Bg4 Na4+ 39. Kc1 Rf1+ 40. Kd2 Rf2+ 41. Ke1 Rf6 42. Rd3+ Kc5 43. Re7 Rc6
44. Bf3 Rd6 45. Rc7+ Kb6 46. Rb7+ Kc5 47. Rc7+ Kb6 48. Rb7+ 1/2-1/2

[Event "21st Czech Rapid Open"]
[Site "Pardubice CZE"]
[Date "2010.07.21"]
[Round "5"]
[White "Iskusnyh,S"]
[Black "Maslak,K"]
[Result "1-0"]
[WhiteElo "2480"]
[BlackElo "2560"]
[EventDate "2010.07.21"]

1. d4 Nf6 2. c4 g6 3. Nc3 d5 4. Nf3 Bg7 5. cxd5 Nxd5 6. Bg5 Nxc3 7. bxc3 c5
8. e3 O-O 9. Be2 h6 10. Bh4 b6 11. O-O Bb7 12. Qa4 Nd7 13. Rfd1 Nf6 14.
Rac1 Ne4 15. Nd2 Nxd2 16. Rxd2 g5 17. Bg3 e6 18. Rdd1 Qc8 19. dxc5 bxc5 20.
Bb5 c4 21. Bd7 Qc5 22. Bd6 Qf5 23. Bxf8 Qe4 24. f3 Qxe3+ 25. Kh1 Rxf8 26.
Bc6 Bxc6 27. Qxc6 Qf4 28. Qe4 Qc7 29. Rb1 Bxc3 30. Rdc1 Bf6 31. Qxc4 Qa5
32. Rb7 Qa3 33. Rd1 Qa5 34. a4 Rd8 35. Rxd8+ Bxd8 36. Rb1 Bb6 37. Qb5 Qd2
38. Qb2 Qd6 39. Qb4 Qd3 40. Rc1 Qd8 41. Qc3 Qd6 42. Qf6 Bc7 43. Qxh6 Qf4
44. Rd1 Bd6 45. Qh5 Kg7 46. g3 Qe5 47. Qg4 Qa5 48. h4 Be7 49. hxg5 Qa6 50.
Qd4+ Kg8 51. f4 Qc6+ 52. Kh2 Qc2+ 53. Rd2 Qh7+ 54. Kg2 Qf5 55. Rb2 Bf8 56.
Kf3 Qh7 57. Kg2 Qf5 58. Re2 Bg7 59. Qe4 Qc5 60. g6 Qd6 61. gxf7+ Kxf7 62.
f5 exf5 63. Qxf5+ Bf6 64. Rf2 Kg7 65. Qxf6+ Qxf6 66. Rxf6 Kxf6 67. Kf3 Ke5
68. a5 a6 69. g4 Kf6 70. Kg3 Kg5 71. Kf3 Kg6 72. Kf4 1-0

[Event "21st Czech Rapid Open"]
[Site "Pardubice CZE"]
[Date "2010.07.21"]
[Round "5"]
[White "Zakhartsov,Vi"]
[Black "Panarin,M"]
[Result "1/2-1/2"]
[WhiteElo "2608"]
[BlackElo "2531"]
[EventDate "2010.07.21"]

1. Nf3 Nf6 2. c4 c6 3. Nc3 d5 4. d4 dxc4 5. a4 Bf5 6. Ne5 Nbd7 7. Nxc4 Nb6
8. Ne5 a5 9. g3 e6 10. Bg2 Bb4 11. O-O O-O 12. e3 h6 13. Qe2 Bh7 14. Rd1
Nfd7 15. Nd3 Bxd3 16. Qxd3 e5 17. Qc2 exd4 18. Rxd4 Qe7 19. b3 Nc5 20. Na2
Ne6 21. Rd1 Ba3 22. Bd2 Qc5 23. Be4 Rfd8 24. Bc3 1/2-1/2

[Event "21st Czech Rapid Open"]
[Site "Pardubice CZE"]
[Date "2010.07.21"]
[Round "5"]
[White "Mamedov,Rau"]
[Black "Sriram,J"]
[Result "1-0"]
[WhiteElo "2660"]
[BlackElo "2490"]
[EventDate "2010.07.21"]

1. e4 e5 2. Nf3 Nc6 3. Bc4 Nf6 4. d3 Be7 5. c3 O-O 6. Bb3 d5 7. Qe2 Re8 8.
h3 h6 9. g4 dxe4 10. dxe4 Nh7 11. Be3 Bg5 12. Nxg5 Nxg5 13. Nd2 Be6 14. h4
Nh7 15. O-O-O Qe7 16. g5 hxg5 17. hxg5 g6 18. f3 Qf8 19. Rh6 Bxb3 20. Nxb3
Qg7 21. Rdh1 Nf8 22. Qh2 f6 23. Nc5 b6 24. Nd3 Rad8 25. Nf2 fxg5 26. Bxg5
Rd6 27. Ng4 Ree6 28. f4 exf4 29. Qxf4 Nd7 30. Rh7 Qxh7 31. Rxh7 Kxh7 32.
Qf7+ Kh8 33. Nh6 1-0